Normal view
MARC view
Entry Topical Term
001 - CONTROL NUMBER
- control field: 51448
003 - CONTROL NUMBER IDENTIFIER
- control field: OSt
005 - DATE AND TIME OF LATEST TRANSACTION
- control field: 20240810090132.0
008 - FIXED-LENGTH DATA ELEMENTS
- fixed length control field: 240810|| aca||aabn | a|a d
040 ## - CATALOGING SOURCE
- Original cataloging agency: OSt
- Transcribing agency: OSt
150 ## - HEADING--TOPICAL TERM
- Topical term or geographic name entry element: ဓမ္မ
- General subdivision: ဩဝါဒကထာ
670 ## - SOURCE DATA FOUND
- Source citation: Work cat.: (OSt)16730: ရွှေဟင်္သာဆရာတော် (ဘဒ္ဒန္တပဏ္ဍိတသိရီ) 51447, ဩဝါဒကထာ /, ၁၉၈၂။